Quiz geograficzny#9 - Statystyki

Ogólne statystyki
  • Ten quiz został rozwiązany 15 razy
  • Średni wynik to 3 z 5
Statystyki odpowiedzi
Podpowiedź Odpowiedź % Poprawnych
Waluta Stanów Zjednoczonych dolar
100%
Największe jezioro w Polsce Śniardwy
100%
Najludniejsze miasto świata Tokio
85%
Najwyższy szczyt Włoch Mont Blanc
38%
Zatoka między Hiszpanią a Francją Zatoka Biskajska
15%
Nie znaleziono quizów pasujących do podanych kryteriów
Rozkład punktacji
Procent ludzi z każdym wynikiem
Percentyl według liczby udzielonych odpowiedzi
Twoja historia wyników
Nie rozwiązałeś tego quizu